| 000 | 00702nam a22002297a 4500 | ||
|---|---|---|---|
| 005 | 20170124110132.0 | ||
| 010 | _aA-216164 | ||
| 020 |
_c00.00 _a0133774570 |
||
| 035 | _aA-216164 | ||
| 037 | _bCen Lib/Ret | ||
| 040 |
_aDPL _bEN |
||
| 082 |
_a621.34 _bLEN |
||
| 100 |
_aLenk, John D. _932412 |
||
| 245 |
_aHandbook of electronic test procedures / _cby John D. Lenk |
||
| 260 |
_aNew Jersey _bPrentice Hall, Inc. _c1982 |
||
| 270 |
_bNew Jersey _aenglewood cliffs |
||
| 300 |
_axiv, 300p. _c21m(Hb) |
||
| 500 | _aIncludes index | ||
| 650 |
_aElectronic appartus appliances _vHandbooks _xTesting _932413 |
||
| 650 |
_aTesting _z _932414 |
||
| 942 |
_2ddc _cEN _h621.34 _mLEN |
||
| 999 |
_c131662 _d131662 |
||